00866cam a2200241 a 450000100060000000300080000600500170001400800410003103500140007204000320008604100080011804300120012608200260013810000460016424500860021026000450029630000190034149000280036065100770038894200120046599900170047795201300049478494BD-RjUL20211209083133.0210928s1954 nyu 000 0 eng  a(BD-RjUL) aDLCcDLCdDLCdBD-RjULbeng aeng an-us---00223a320.973bCOU 19541 aCoyle, David Cushman,d1887-1969.924858714aThe United States political system :band how it works /cby David Cushman Coyle. a[New York] :bNew American Libraryc1954 a151 p.c19 cm.0 aA Signet key book, K303 0aUnited StatesxPolitics and governmentxHandbooks, manuals, etc.9248588 2ddccBK c78494d78494 00102ddc40718NFICaRUCLbRUCLcReadingd2021-02-17eAuthorl0o320.973 COU 1954r2021-09-28 00:00:00tC-1w2021-09-28yBK